Pays d'origine des agents Valorant - Statistiques

Statistiques générales
  • Ce quiz a été pris 260 fois
    49 depuis la dernière actualisation
  • Le résultat moyen est 16 sur 28
Statistiques - réponses
Agent Numéro Pays % Correct
Chamber 18 France
83%
Cypher 5 Maroc
83%
Yoru 15 Japon
80%
Sage 7 Chine
78%
Killjoy 4 Allemagne
73%
Reyna 11 Mexique
73%
Brimstone 1 États-Unis
71%
Phoenix 9 Royaume-Uni
71%
Jett 10 Corée du Sud
68%
Sova 6 Russie
68%
Iso 24 Chine
66%
Viper 2 États-Unis
61%
Harbor 21 Inde
61%
Fade 20 Turquie
61%
Raze 12 Brésil
59%
Deadlock 23 Norvège
59%
Skye 14 Australie
54%
Gekko 22 États-Unis
49%
Breach 13 Suède
46%
Neon 19 Philippines
44%
Veto 29 Sénégal
44%
Astra 16 Ghana
41%
Kayo 17 Inconnu
37%
Clove 25 Royaume-Uni (Écosse)
37%
Tejo 27 Colombie
34%
Omen 3 Inconnu
34%
Vyse 26 Inconnu
34%
Waylay 28 Thaïlande
34%
Aucun quiz correspondant
Distribution des résultats
% des personnes avec chaque résultat
Percentile par nombre de réponses
Votre historique - résultats
Vous n’avez pas pris ce quiz depuis la dernière actualisation